Анализ высокотехнологичных способов неправомерного удаленного доступа к компьютерной информации; Известия Томского политехнического университета [Известия ТПУ]; Т. 310, № 1
| Parent link: | Известия Томского политехнического университета [Известия ТПУ]/ Томский политехнический университет (ТПУ).— , 2000- Т. 310, № 1.— 2007.— [С. 212-216] |
|---|---|
| 主要作者: | |
| 其他作者: | |
| 总结: | Заглавие с титульного листа Электронная версия печатной публикации Проведен анализ высокотехнологических способов совершения преступлений в сфере обращения компьютерной информации, практически осуществленных с удаленно расположенных ЭВМ. Выявлены виртуальные следы, оставляемые при реализации таких способов. Разработаны конкретные предложения по расследованию и предотвращению данного вида компьютерного проникновения. |
| 语言: | 俄语 |
| 出版: |
2007
|
| 丛编: | Управление, вычислительная техника и информатика |
| 主题: | |
| 在线阅读: | http://www.lib.tpu.ru/fulltext/v/Bulletin_TPU/2007/v310/i1/48.pdf |
| 格式: | 电子 本书章节 |
| KOHA link: | https://koha.lib.tpu.ru/cgi-bin/koha/opac-detail.pl?biblionumber=172006 |
MARC
| LEADER | 00000nla2a2200000 4500 | ||
|---|---|---|---|
| 001 | 172006 | ||
| 005 | 20231031164154.0 | ||
| 035 | |a (RuTPU)RU\TPU\book\186484 | ||
| 035 | |a RU\TPU\book\186483 | ||
| 090 | |a 172006 | ||
| 100 | |a 20091210d2007 k y0rusy50 ca | ||
| 101 | 0 | |a rus | |
| 102 | |a RU | ||
| 135 | |a drnn ---uucaa | ||
| 181 | 0 | |a i | |
| 182 | 0 | |a b | |
| 200 | 1 | |a Анализ высокотехнологичных способов неправомерного удаленного доступа к компьютерной информации |b Электронный ресурс |f В. В. Поляков, С. М. Слободян | |
| 203 | |a Текст |c электронный | ||
| 215 | |a 1 файл (123 Кб) | ||
| 225 | 1 | |a Управление, вычислительная техника и информатика | |
| 230 | |a Электронные текстовые данные (1 файл : 123 Кб) | ||
| 300 | |a Заглавие с титульного листа | ||
| 300 | |a Электронная версия печатной публикации | ||
| 320 | |a [Библиогр.: с. 216 (11 назв.)] | ||
| 330 | |a Проведен анализ высокотехнологических способов совершения преступлений в сфере обращения компьютерной информации, практически осуществленных с удаленно расположенных ЭВМ. Выявлены виртуальные следы, оставляемые при реализации таких способов. Разработаны конкретные предложения по расследованию и предотвращению данного вида компьютерного проникновения. | ||
| 337 | |a Adobe Reader | ||
| 461 | 1 | |0 (RuTPU)RU\TPU\book\176237 |t Известия Томского политехнического университета [Известия ТПУ] |f Томский политехнический университет (ТПУ) |d 2000- | |
| 463 | 1 | |0 (RuTPU)RU\TPU\book\186414 |x 1684-8519 |t Т. 310, № 1 |v [С. 212-216] |d 2007 |p 309 с. | |
| 610 | 1 | |a анализ | |
| 610 | 1 | |a высокотехнологичные способы | |
| 610 | 1 | |a удаленный доступ | |
| 610 | 1 | |a компьютерная информация | |
| 610 | 1 | |a преступления | |
| 610 | 1 | |a виртуальные следы | |
| 610 | 1 | |a предложения | |
| 610 | 1 | |a расследования | |
| 610 | 1 | |a электронный ресурс | |
| 700 | 1 | |a Поляков |b В. В. | |
| 701 | 1 | |a Слободян |b С. М. |c профессор каф. электрических станций (ЭС) ЭЛТИ, ТПУ |c доктор технических наук |f 1946- |g Степан Михайлович |2 stltpush |3 (RuTPU)RU\TPU\pers\25829 | |
| 801 | 1 | |a RU |b 63413507 |c 20090623 |g PSBO | |
| 801 | 2 | |a RU |b 63413507 |c 20211115 |g PSBO | |
| 856 | 4 | |u http://www.lib.tpu.ru/fulltext/v/Bulletin_TPU/2007/v310/i1/48.pdf | |
| 942 | |c CF | ||